000 00376nam a22001457a 4500
999 _c527396
_d527396
003 NUST
020 _a9781535312431
_qP/B.
038 _awaseem
082 _a005.8
_bPOL
100 _aPolstra, Phlilp
_918629
245 _aWindow Forensics:
_bwith Python Scripting /
_cPhlilp Polstra
260 _aGermany :
_bPentester Academy,
_c2016.
300 _a529 p. ;
942 _2ddc
_cBK